Reprezentacje zwycięzców IO - Papież Cup - Statystyki

Ogólne statystyki
  • Ten quiz został rozwiązany 8 razy
    3 od ostatniego zresetowania
  • Średni wynik to 8 z 25
Statystyki odpowiedzi
Sezon Zwycięzca Reprezentacja % Poprawnych
2020 Matius Polska
100%
2044 Vlad Saranović | worldshowoff | Tottacz Honduras | Słowenia | Nepal
67%
2024 carolyn_e Polska
67%
2028 carolyn_e Polska
67%
2032 worldshowoff Polska
67%
2036 Primoz Polska
67%
2040 carolyn_e Polska
67%
2036 Mehmo Honduras
33%
2044 codeine addict Honduras
33%
2064 Chunky Irlandia
33%
2032 Lech Wałęsa Monako
33%
2040 billrazdwatrzy Nowa Zelandia
33%
2072 Chunky Republika Południowej Afryki
33%
2048 Skoczek Słowenia
33%
2048 Primoz Słowenia
33%
2052 Bobert Szlafmyca Słowenia
33%
2064 Kubys Włochy
33%
2072 Zapiekanka Bougainville
0%
2052 Zapiekanka Gujana Francuska
0%
2056 Jurij Gagarin Honduras
0%
2060 Konrad Honduras
0%
2056 michcio Kamerun
0%
2060 Pit Kazachstan
0%
2068 kifala Ukraina
0%
2068 Kubys Włochy
0%
Nie znaleziono quizów pasujących do podanych kryteriów
Rozkład punktacji
Procent ludzi z każdym wynikiem
Percentyl według liczby udzielonych odpowiedzi
Twoja historia wyników
Nie rozwiązałeś tego quizu od ostatniego zresetowania